Les pairs du royaume de France - Statistiques

Statistiques générales
  • Ce quiz a été pris 61 fois
  • Le résultat moyen est 7 sur 12
Statistiques - réponses
Pairie Titre % Correct
Pair laïc Ducs d'Aquitaine
87%
Pair laïc Ducs de Normandie
85%
Pair laïc Ducs de Bourgogne
83%
Pair ecclésiastique Archevêques de Reims
74%
Pair laïc Comtes de Flandres
72%
Pair laïc Comtes de Toulouse
66%
Pair laïc Comtes de Champagne
60%
Pair ecclésiastique Évêques de Laon
60%
Pair ecclésiastique Évêques de Beauvais
57%
Pair ecclésiastique Évêques de Langres
38%
Pair ecclésiastique Évêques de Noyon
36%
Pair ecclésiastique Évêques de Châlons
23%
Aucun quiz correspondant
Distribution des résultats
% des personnes avec chaque résultat
Percentile par nombre de réponses
Votre historique - résultats
Vous n’avez pas pris ce quiz